Hauptstädte der Länder an der Fußball-WM 2026 - Statistiken

Allgemein
  • Dieses Quiz wurde 144 mal gespielt
    63 seit der letzten Aktualisierung
  • Das Durchschnittsergebnis liegt bei 36 aus 48
Antwortstatistiken
Land Hauptstadt % Korrekt
Deutschland Berlin
100%
Brasilien Brasília
100%
England London
100%
Frankreich Paris
100%
Österreich Wien
100%
Niederlande Amsterdam
95%
Schweiz Bern
95%
Belgien Brüssel
95%
Australien Canberra
95%
Ägypten Kairo
95%
Portugal Lissabon
95%
Spanien Madrid
95%
Mexiko Mexiko-Stadt
95%
Schweden Stockholm
95%
Türkei Ankara
90%
Argentinien Buenos Aires
90%
Norwegen Oslo
90%
Tschechien Prag
90%
Japan Tokio
90%
Vereinigte Staaten Washington D.C.
90%
Kroatien Zagreb
90%
Bosnien und Herzegowina Sarajevo
86%
Südkorea Seoul
86%
Iran Teheran
86%
Kanada Ottawa
81%
Algerien Algier
76%
Schottland Edinburgh
76%
Uruguay Montevideo
76%
Saudi-Arabien Riad
76%
Kolumbien Bogotá
71%
Südafrika Pretoria | Kapstadt | Bloemfontein
71%
Tunesien Tunis
71%
Neuseeland Wellington
71%
Irak Bagdad
67%
Katar Doha
67%
Panama Panama-Stadt
67%
Marokko Rabat
67%
Ecuador Quito
52%
Ghana Accra
48%
Senegal Dakar
48%
Demokratische Republik Kongo Kinshasa
43%
Jordanien Amman
38%
Haiti Port-au-Prince
38%
Paraguay Asunción
29%
Usbekistan Taschkent
29%
Elfenbeinküste Yamoussoukro
19%
Kap Verde Praia
14%
Curaçao Willemstad
14%
Keine übereinstimmenden Quizze gefunden
Verteilung der Resultate
Anzahl Personen mit jedem Resultat
Perzentil nach korrekt beantworteten Fragen
Ihre Resultats-Entwicklung
Sie haben dieses Quiz seit der letzten Aktualisierung nicht gespielt